000 00565nam a22001817a 4500
999 _c186621
_d186621
005 20220310151657.0
010 _aENG-131930
020 _a9788189901653
_c500.00
035 _aEN-115462
037 _bDBAD/PUB
082 _a305.2531
100 _aMurthy, Amritha
245 _aAdolescent Achiever:
_bA Psycho-Social Profile/
_cAmritha Murthy
260 _aDelhi
_bAcademic Excellence
_c2008
270 _a42,Ekta Apartment Geeta Colony
_bDelhi
_e110031
300 _av,190p.
_bBibliography,Index
_c22cm(hbk)
942 _2ddc
_cEN
_h305.2531
_mMUR